000 00771nam a2200241Ia 4500
003 OSt
005 20220926034035.0
006 a|||||r|||| 00| 0
007 ta
008 220923b |||||||| |||| 00| 0 eng d
037 _cGeneral Book
040 _aRTL
_cRTL
_beng
041 _2eng
_aeng
082 _aX:9581.73.N6, K9
100 _aGoetz Raymond
_9339950
245 0 _aTax treatment of pension plans
_b Preferential or n
260 _aWashington
_bAmerican Enterprise Institute for Public Policy Research
_c1969
300 _a79p.
_ccm.
490 _aAmerican Enterprise Institute for Public Policy Research, puhblication. 4
650 _aPension
942 _hX:9581.73.N6, K9
_cGB
_2CC
999 _c658577
_d658577